[Event "8th Sharjah Masters 2025"]
[Site "Sharjah UAE"]
[Date "2025.05.19"]
[Round "3.28"]
[White "Predke, Alexandr"]
[Black "Movahed, Sina"]
[Result "1/2-1/2"]
[WhiteTitle "GM"]
[BlackTitle "GM"]
[WhiteElo "2631"]
[BlackElo "2518"]
[WhiteFideId "24107581"]
[BlackFideId "42520835"]
[EventDate "2025.05.17"]

1. e4 c5 2. Nf3 e6 3. c3 Nf6 4. e5 Nd5 5. a3 b6 6. d4 cxd4 7. Nxd4 Nc6 8. Nxc6
dxc6 9. c4 Ne7 10. Qxd8+ Kxd8 11. Bf4 Ng6 12. Bg3 f5 13. exf6 gxf6 14. Nc3 e5
15. O-O-O+ Ke7 16. Bd3 Be6 17. Rhe1 Rd8 18. f3 Bh6+ 19. Kc2 Rd7 20. Be4 Rhd8 21.
Rxd7+ Rxd7 22. Bd3 Kf7 23. b4 Ne7 24. Bf2 Nf5 25. g4 Nd4+ 26. Bxd4 Rxd4 27. Ne2
Rd7 28. Nc3 Bf4 29. h3 h5 30. Rd1 Kg7 31. Ne2 Bg5 32. Ng3 h4 33. Nf5+ Kf8 34. a4
Ke8 35. Be4 Rxd1 36. Kxd1 Kd7 37. Bd3 a5 38. bxa5 bxa5 39. Kc2 e4 40. fxe4 c5
41. Be2 Bf7 42. e5 fxe5 43. Kd3 Bf6 44. Bf3 Be8 45. Ne3 Ke6 46. Bd5+ Kd6 47.
Nf5+ Kc7 48. g5 Bxg5 49. Ng7 Bg6+ 50. Be4 Bf7 51. Bd5 Bg6+ 52. Be4 Bf7 53. Bd5
Bxd5 54. cxd5 Kd6 55. Ne6 Be7 56. Kc4 e4 57. Nxc5 e3 58. Ne4+ Ke5 59. Nc3 Bb4
60. Ne2 Ke4 61. Ng1 Bd6 62. Ne2 Bb8 63. Nc3+ Kf3 64. Kd3 Bd6 65. Ne2 Bc5 66. Nc3
Be7 67. Ne2 Bf8 68. Nd4+ Kf2 69. Ne2 Bc5 70. Nc3 Kf3 71. Ne2 Kg2 72. Nf4+ Kg3
73. Ne6 Bb6 74. Ng5 Bd8 75. Ne6 Bb6 76. Ng5 Kf4 77. Nf7 Kg3 1/2-1/2

[Event "8th Sharjah Masters 2025"]
[Site "Sharjah UAE"]
[Date "2025.05.19"]
[Round "3.29"]
[White "Pichot, Alan"]
[Black "Ferreira, Jorge Viterbo"]
[Result "1-0"]
[WhiteTitle "GM"]
[BlackTitle "GM"]
[WhiteElo "2587"]
[BlackElo "2537"]
[WhiteFideId "110973"]
[BlackFideId "1910850"]
[EventDate "2025.05.17"]

1. e4 c5 2. Nf3 d6 3. d4 cxd4 4. Nxd4 Nf6 5. Nc3 a6 6. Be3 e5 7. Nf3 Qc7 8. a4
Be7 9. Be2 Nbd7 10. Nd2 Nc5 11. Nd5 Nxd5 12. exd5 Bf5 13. a5 O-O 14. O-O Bg6 15.
b4 Nd7 16. c4 f5 17. f3 Qd8 18. Kh1 Bg5 19. Bg1 Nf6 20. c5 Nxd5 21. Nc4 Nc3 22.
Qd3 Nxe2 23. Qxe2 dxc5 24. Bxc5 Be7 25. Nb6 Bxc5 26. bxc5 Qe7 27. Nxa8 Rxa8 28.
c6 bxc6 29. Qc4+ Bf7 30. Qxc6 Qe8 31. Rac1 Qxc6 32. Rxc6 Be8 33. Rc5 Bb5 34. Re1
e4 35. fxe4 fxe4 36. Rxe4 Ra7 37. Rf4 g6 38. h4 h5 39. Rf6 Kg7 40. Rd6 Kh7 41.
Kh2 Re7 42. Rg5 Rg7 43. Kg3 1-0

[Event "8th Sharjah Masters 2025"]
[Site "Sharjah UAE"]
[Date "2025.05.19"]
[Round "3.30"]
[White "Petkov, Momchil"]
[Black "Vescovi, Giovanni"]
[Result "1/2-1/2"]
[WhiteTitle "GM"]
[BlackTitle "GM"]
[WhiteElo "2524"]
[BlackElo "2584"]
[WhiteFideId "2921642"]
[BlackFideId "2100789"]
[EventDate "2025.05.17"]

1. e4 e5 2. Nf3 Nc6 3. Nc3 Nf6 4. Bb5 Bb4 5. O-O O-O 6. Bxc6 dxc6 7. d3 Re8 8.
Ne2 Bd6 9. a4 c5 10. b3 Nd7 11. Nd2 Nf8 12. Nc4 Ne6 13. Kh1 f6 14. Be3 Bf8 15.
f4 exf4 16. Nxf4 Nxf4 17. Bxf4 Be6 18. Ne3 Qd7 19. Qf3 b6 20. Bg3 a6 1/2-1/2

[Event "8th Sharjah Masters 2025"]
[Site "Sharjah UAE"]
[Date "2025.05.19"]
[Round "3.31"]
[White "Madaminov, Mukhiddin"]
[Black "Gupta, Abhijeet"]
[Result "1-0"]
[WhiteTitle "GM"]
[BlackTitle "GM"]
[WhiteElo "2520"]
[BlackElo "2577"]
[WhiteFideId "14210703"]
[BlackFideId "5010608"]
[EventDate "2025.05.17"]

1. e4 e5 2. Nf3 Nc6 3. Bc4 Nf6 4. d3 Be7 5. O-O O-O 6. Nc3 d6 7. a3 Bg4 8. h3
Bxf3 9. Qxf3 Nd4 10. Qd1 c6 11. Ba2 Ne6 12. Ne2 d5 13. Ng3 dxe4 14. dxe4 Qxd1
15. Rxd1 Bc5 16. Kf1 Rfd8 17. Bd2 Kf8 18. f3 Ke8 19. Nf5 Nh5 20. Bb4 Bxb4 21.
axb4 Nd4 22. Nxd4 Rxd4 23. Rxd4 exd4 24. Bb3 Ke7 25. Kf2 Nf4 26. Ra5 f6 27. h4
b6 28. Ra1 a5 29. g3 Ng6 30. f4 Kd6 31. Ke2 c5 32. bxa5 bxa5 33. Kd3 Ne7 34. c3
Rb8 35. Kc4 Nc6 36. Ra2 Re8 37. Kd3 h6 38. h5 Rb8 39. Ba4 Nd8 40. Kc4 Ne6 41.
Bb3 Ra8 42. Kd3 Nc7 43. cxd4 cxd4 44. Kxd4 Rb8 45. Bc4 Kc6 46. e5 fxe5+ 47. fxe5
Rb4 48. b3 Kb6 49. Kc3 Nb5+ 50. Kd3 Na7 51. Ke4 Nc6 52. Kd5 Ne7+ 53. Ke6 Nc6 54.
Kd6 Kb7 55. e6 Nd4 56. e7 1-0

[Event "8th Sharjah Masters 2025"]
[Site "Sharjah UAE"]
[Date "2025.05.19"]
[Round "3.32"]
[White "Can, Emre"]
[Black "Aronyak, Ghosh"]
[Result "1-0"]
[WhiteTitle "GM"]
[BlackTitle "IM"]
[WhiteElo "2568"]
[BlackElo "2514"]
[WhiteFideId "6302181"]
[BlackFideId "25072846"]
[EventDate "2025.05.17"]

1. e4 c6 2. d4 d5 3. e5 Bf5 4. h4 h5 5. Bd3 Bxd3 6. Qxd3 Qa5+ 7. c3 e6 8. a4 c5
9. dxc5 Qxc5 10. Nf3 Ne7 11. O-O Nf5 12. Na3 Be7 13. b4 Qc8 14. c4 dxc4 15. Nxc4
Nc6 16. b5 Nb4 17. Qe4 Qd7 18. Nd6+ Nxd6 19. exd6 Qxd6 20. Qxb7 Qd5 21. Qc7 Qd8
22. Qxd8+ Bxd8 23. Bb2 Rg8 24. Rfd1 Nd5 25. Rd3 Bf6 26. Rb1 Ke7 27. Ba3+ Kd7 28.
Ng5 Bxg5 29. hxg5 Rgc8 30. Rf3 f5 31. Bb2 Rc4 32. Ra3 g6 33. Be5 Re4 34. Bf6
Nxf6 35. gxf6 Ke8 36. a5 Kf7 37. Rc3 Kxf6 38. Rc6 Re5 39. b6 axb6 40. axb6 1-0

[Event "8th Sharjah Masters 2025"]
[Site "Sharjah UAE"]
[Date "2025.05.19"]
[Round "3.33"]
[White "Davtyan, Artur"]
[Black "Sankalp, Gupta"]
[Result "0-1"]
[WhiteTitle "IM"]
[BlackTitle "GM"]
[WhiteElo "2485"]
[BlackElo "2559"]
[WhiteFideId "13308327"]
[BlackFideId "5097010"]
[EventDate "2025.05.17"]

1. d4 Nf6 2. c4 e6 3. Nc3 Bb4 4. e3 O-O 5. Bd3 Re8 6. Ne2 d5 7. a3 Bf8 8. Qc2
Nbd7 9. b4 dxc4 10. Bxc4 a5 11. b5 e5 12. Qb3 Re7 13. O-O exd4 14. exd4 Nb6 15.
Bg5 Qd6 16. Bf4 Qd7 17. Rfd1 Re8 18. a4 Qe7 19. h3 Bf5 20. Be5 Bg6 21. Qa2 Nfd7
22. Bg3 Nxc4 23. Qxc4 Rac8 24. Qa2 Bh5 25. Rd2 Qg5 26. Nf4 Nf6 27. Nxh5 Nxh5 28.
Be5 Nf4 29. Bxf4 Qxf4 30. Rd3 Bd6 31. g3 Qf5 32. Rad1 Qxh3 33. Qd5 Re6 34. Qxb7
Rce8 35. Rf1 h5 36. Qh1 Qf5 37. Rf3 Qg4 38. Kg2 Rg6 39. Qh3 Qxd4 40. Qxh5 Re5
41. Qh3 Rh6 42. Qc8+ Kh7 43. Rh1 Rxh1 44. Kxh1 Bb4 45. Qxc7 Rc5 46. Qxf7 Bxc3
47. b6 Qe4 48. b7 Bf6 49. Kg2 Rf5 50. Qb3 Be5 51. Qd3 Qxd3 52. Rxd3 Rf7 53. Rd5
Bb8 54. Rb5 Kg6 55. Rxa5 Rxb7 56. Kh3 Rb2 57. f3 Bc7 58. Rc5 Bb6 59. Rc4 Bf2 60.
Rg4+ Kf7 61. Rf4+ Kg8 62. Re4 Ra2 63. Kg4 Kf7 64. Rc4 Ra1 65. Kf4 Ra3 66. Rc7+
Kg6 67. Rc4 Be1 68. Rc6+ Kh7 69. Rc4 Ra2 70. Re4 Ba5 71. Kf5 Ra3 72. Kg4 Kg6 73.
Rc4 Ra1 74. Rc6+ Kh7 75. Rc4 Rg1 76. Kh3 Be1 77. Kh2 Rf1 78. Re4 Ba5 79. Kg2 Rb1
80. Rh4+ Kg8 81. Rh5 Bc3 82. Rc5 Bf6 83. Rc4 Kf7 84. Re4 Rb3 85. Kf2 Rb2+ 86.
Ke3 Bg5+ 87. f4 Rb3+ 88. Ke2 Be7 89. g4 Rg3 90. g5 Ra3 91. Kd2 Bd8 92. Rd4 Ba5+
93. Ke2 Kg6 94. Rd6+ Kh5 95. Rd7 Bc3 96. Rd3 Ra2+ 97. Kf3 Ba1 98. Rd1 Ra3+ 99.
Ke4 Rxa4+ 100. Kf5 Ra5+ 101. Ke6 Kg4 102. g6 Kxf4 103. Kf7 Ra7+ 104. Kg8 Be5
105. Rf1+ Kg5 106. Kh7 Ra4 107. Re1 Rh4+ 108. Kg8 Kf6 109. Rxe5 Kxe5 110. Kxg7
Ke6 111. Kg8 Rg4 112. g7 Kf6 113. Kh8 Ke5 0-1

[Event "8th Sharjah Masters 2025"]
[Site "Sharjah UAE"]
[Date "2025.05.19"]
[Round "3.34"]
[White "Sethuraman, S.P."]
[Black "Rohith, Krishna S"]
[Result "0-1"]
[WhiteTitle "GM"]
[BlackTitle "IM"]
[WhiteElo "2552"]
[BlackElo "2490"]
[WhiteFideId "5021596"]
[BlackFideId "46617051"]
[EventDate "2025.05.17"]

1. e4 e5 2. Nf3 Nc6 3. d4 exd4 4. Nxd4 Bc5 5. Nb3 Bb6 6. Qe2 Nge7 7. Nc3 O-O 8.
Be3 f5 9. Bxb6 axb6 10. exf5 Rxf5 11. O-O-O Qf8 12. f3 d6 13. Qd2 Be6 14. Bd3
Rf7 15. Rhe1 Ne5 16. Be4 N7c6 17. Kb1 Kh8 18. h4 Re8 19. h5 h6 20. Nd4 Nxd4 21.
Qxd4 Rd7 22. Bd5 Bf5 23. Bb3 Bh7 24. Qe3 Rdd8 25. Qg1 Nd7 26. Nd5 Nc5 27. Bc4
Rxe1 28. Qxe1 b5 29. Bf1 c6 30. Nb4 Qf6 31. b3 Ra8 32. Qe3 Qh4 33. g4 Qf6 34.
Be2 Kg8 35. Rd2 Kf8 36. Qd4 Qxd4 37. Rxd4 d5 38. Kc1 Ke7 39. Rd1 Rf8 40. Kd2 Kd6
41. Ke3 Ne6 42. Bd3 d4+ 43. Kf2 Bxd3 44. Nxd3 c5 45. Kg3 Ra8 46. Nc1 b4 47. f4
Nc7 48. f5 Nd5 49. Rf1 b6 50. Rf2 Ke5 51. Kf3 Ne3 52. Re2 Ra7 53. Rh2 Kf6 54.
Re2 Kg5 55. Rh2 Rf7 56. Nd3 Nxg4 57. Rg2 Rxf5+ 58. Ke4 Rf1 59. Kd5 Kxh5 60. Kc6
Rf6+ 61. Kb7 g5 62. Re2 Ne3 63. Ne5 g4 64. Nd7 Rf7 0-1

[Event "8th Sharjah Masters 2025"]
[Site "Sharjah UAE"]
[Date "2025.05.19"]
[Round "3.35"]
[White "Isik, Alparslan"]
[Black "Jumabayev, Rinat"]
[Result "1/2-1/2"]
[WhiteTitle "IM"]
[BlackTitle "GM"]
[WhiteElo "2482"]
[BlackElo "2551"]
[WhiteFideId "34506896"]
[BlackFideId "13702661"]
[EventDate "2025.05.17"]

1. d4 d5 2. c4 dxc4 3. Nf3 a6 4. e3 b5 5. a4 Bb7 6. b3 Nf6 7. axb5 axb5 8. Rxa8
Bxa8 9. bxc4 bxc4 10. Bxc4 e6 11. O-O Be7 1/2-1/2

[Event "8th Sharjah Masters 2025"]
[Site "Sharjah UAE"]
[Date "2025.05.19"]
[Round "3.36"]
[White "Divya, Deshmukh"]
[Black "Raja, Rithvik R"]
[Result "1/2-1/2"]
[WhiteTitle "IM"]
[BlackTitle "GM"]
[WhiteElo "2469"]
[BlackElo "2545"]
[WhiteFideId "35006916"]
[BlackFideId "35007394"]
[EventDate "2025.05.17"]

1. d4 Nf6 2. c4 e6 3. Nc3 Bb4 4. e3 O-O 5. Bd3 d5 6. a3 Bxc3+ 7. bxc3 dxc4 8.
Bxc4 c5 9. Ne2 Qc7 10. Bd3 b6 11. O-O Bb7 12. f3 Nbd7 13. e4 e5 14. d5 c4 15.
Bc2 Ne8 16. f4 Nd6 17. fxe5 Nxe5 18. Bf4 Rfe8 19. Nd4 Qe7 20. Qh5 f6 21. Qh3 Bc8
22. Qg3 Bd7 23. Rae1 b5 24. Nf3 Ndf7 25. Nxe5 Nxe5 26. Ra1 a5 27. Be3 Nd3 28.
Bd4 Ne5 1/2-1/2

[Event "8th Sharjah Masters 2025"]
[Site "Sharjah UAE"]
[Date "2025.05.19"]
[Round "3.37"]
[White "Kuybokarov, Temur"]
[Black "Pang, Tao"]
[Result "1/2-1/2"]
[WhiteTitle "GM"]
[BlackTitle "IM"]
[WhiteElo "2542"]
[BlackElo "2485"]
[WhiteFideId "14203049"]
[BlackFideId "8609950"]
[EventDate "2025.05.17"]

1. e4 e6 2. d4 d5 3. e5 c5 4. c3 Nc6 5. Nf3 Bd7 6. Be2 Nge7 7. O-O Ng6 8. g3
cxd4 9. cxd4 Be7 10. Nc3 O-O 11. h4 f6 12. h5 Nh8 13. h6 g5 14. exf6 Bxf6 15.
Be3 Nf7 16. Qd2 Nxh6 17. Nxg5 Nf5 18. Nf3 Bg7 19. Bd3 Be8 20. Rae1 Bh5 21. Ng5
Qf6 22. Bf4 Ncxd4 23. Nb5 Nf3+ 24. Nxf3 Bxf3 25. Be2 Bxe2 26. Rxe2 a6 27. Be5
Qg6 28. Nd4 Nxd4 29. Qxd4 Bxe5 30. Rxe5 Rf6 31. Rfe1 Re8 32. Rxd5 Rxf2 33. Kxf2
Rf8+ 34. Kg2 exd5 35. Qxd5+ Qf7 36. Qxf7+ Kxf7 37. Rf1+ Kg7 38. Rxf8 1/2-1/2

[Event "8th Sharjah Masters 2025"]
[Site "Sharjah UAE"]
[Date "2025.05.19"]
[Round "3.38"]
[White "Seemann, Jakub"]
[Black "Sychev, Klementy"]
[Result "1/2-1/2"]
[WhiteTitle "IM"]
[BlackTitle "GM"]
[WhiteElo "2453"]
[BlackElo "2542"]
[WhiteFideId "21874697"]
[BlackFideId "4114060"]
[EventDate "2025.05.17"]

1. d4 d5 2. c4 dxc4 3. e4 b5 4. a4 c6 5. Nc3 b4 6. Nce2 e6 7. Nf3 Ba6 8. Ng3 c5
9. Be3 Nc6 10. d5 Na5 11. dxe6 Qxd1+ 12. Rxd1 fxe6 13. Ng5 Bc8 14. e5 Ne7 15.
Bxc5 Nd5 16. Bxf8 Rxf8 17. N3e4 Ke7 18. Nc5 Rf5 19. Nf3 Bd7 20. Be2 Rc8 21. Nxd7
Kxd7 22. O-O Ke7 23. Rfe1 c3 24. Ba6 Rc5 25. bxc3 Nxc3 26. Rd4 Nc6 27. Rg4 g6
28. Bd3 Rxf3 29. gxf3 b3 30. Rh4 h5 31. Bxg6 Nxe5 32. Rxe5 Rxe5 33. Kf1 Kf6 34.
Bh7 Kg7 35. Rc4 Kxh7 36. Rxc3 Ra5 37. Rxb3 Rxa4 38. Re3 Ra6 39. Re5 Kg6 40. Kg2
Rb6 41. Kg3 a6 42. f4 Rb3+ 43. f3 Rb6 44. Rg5+ Kf6 45. Rxh5 Rb5 46. Rh6+ Kf5 47.
h4 Rb7 48. Rh5+ Kf6 49. Ra5 Rg7+ 50. Kf2 Rh7 51. h5 Rh8 52. Ke3 Rh7 53. Ke4 Rh8
54. Re5 Rh7 55. f5 Rxh5 56. Rxe6+ Kf7 57. Ke5 Rh1 58. Rf6+ Ke7 59. Rxa6 Re1+ 60.
Kf4 Kf7 61. Rd6 Ra1 62. f6 Ra5 63. Kg4 Rb5 64. f4 Ra5 1/2-1/2

[Event "8th Sharjah Masters 2025"]
[Site "Sharjah UAE"]
[Date "2025.05.19"]
[Round "3.39"]
[White "Aswath, S"]
[Black "Tarhan, Adar"]
[Result "1/2-1/2"]
[WhiteTitle "IM"]
[BlackTitle "IM"]
[WhiteElo "2515"]
[BlackElo "2472"]
[WhiteFideId "46694919"]
[BlackFideId "34544712"]
[EventDate "2025.05.17"]

1. d4 Nf6 2. Nf3 e6 3. c4 Bb4+ 4. Nbd2 O-O 5. a3 Bxd2+ 6. Qxd2 b6 7. e3 Bb7 8.
Be2 d5 9. b4 dxc4 10. Bxc4 Nbd7 11. O-O Ne4 12. Qc2 Rc8 13. Rd1 Ndf6 14. Ne5 Nd6
15. Bd3 c5 16. dxc5 bxc5 17. bxc5 Qa5 18. Bd2 Qxc5 19. Qxc5 Rxc5 20. Bb4 Rxe5
21. Bxd6 Rg5 22. Bxf8 Rxg2+ 23. Kf1 Kxf8 24. Rab1 Bf3 25. Be2 Ng4 26. Bxf3 Rxf2+
27. Kg1 Rxf3 28. Rb8+ Ke7 29. Rb7+ Kf6 30. Re1 Kg5 31. Rxa7 Nxe3 32. a4 Ng4 33.
Rf1 Ra3 34. Rf2 f6 35. Rxf6 g6 36. Rf1 h5 37. a5 e5 38. Re1 Kh4 39. a6 Ra2 40.
Rb1 Nxh2 41. Rf7 e4 42. Rf2 Nf3+ 43. Kg2 Rxa6 44. Rb4 Kg5 45. Rxe4 Nh4+ 46. Kh2
Ra3 47. Re6 Ra4 48. Kh3 Ra3+ 49. Kh2 Nf3+ 50. Kg2 Nd4 51. Re5+ Nf5 52. Kh2 Ra4
53. Re6 Nh6 54. Rd2 Rh4+ 55. Kg1 Rg4+ 56. Kh2 Nf5 57. Rf2 Nd4 58. Re5+ Nf5 59.
Re6 h4 60. Rg2 Nh6 61. Re5+ Kf4 62. Rge2 Nf5 63. Re6 Rg3 64. Rf2+ Kg5 65. Re5
Kg4 66. Re4+ Kh5 67. Re5 Rg5 68. Kh3 Rg3+ 69. Kh2 1/2-1/2

[Event "8th Sharjah Masters 2025"]
[Site "Sharjah UAE"]
[Date "2025.05.19"]
[Round "3.40"]
[White "Muradli, Mahammad"]
[Black "Royal, Shreyas"]
[Result "1-0"]
[WhiteTitle "GM"]
[BlackTitle "GM"]
[WhiteElo "2603"]
[BlackElo "2493"]
[WhiteFideId "13409301"]
[BlackFideId "448869"]
[EventDate "2025.05.17"]

1. d4 d5 2. c4 dxc4 3. Nf3 Nf6 4. e3 e6 5. Bxc4 c5 6. O-O Nc6 7. Nc3 a6 8. Qe2
b5 9. Bb3 Bb7 10. d5 Nxd5 11. Rd1 Bd6 12. Nxd5 exd5 13. Bxd5 O-O 14. a4 c4 15.
b3 Qf6 16. axb5 axb5 17. Rxa8 Bxa8 18. bxc4 bxc4 19. Qxc4 Ne5 20. Nxe5 Qxe5 21.
g3 Bxd5 22. Rxd5 Qe6 23. Qd3 Be7 24. Bb2 Rb8 25. Be5 Rc8 26. Kg2 Bf6 27. Bf4 Re8
28. h4 Qe4+ 29. Qxe4 Rxe4 30. h5 Re8 31. g4 Rd8 32. Rb5 h6 33. e4 Ra8 34. Be3
Re8 35. Rb4 Ra8 36. f4 Be7 37. Rb7 Bh4 38. e5 Be1 39. Kf3 Rd8 40. Ke4 Bc3 41.
Rb3 Ba1 42. Bc5 Rc8 43. Kd5 Ra8 44. Ra3 Rd8+ 45. Bd6 Bb2 46. Rb3 Bc1 47. f5 Bf4
48. Kc6 Ra8 49. Rb8+ Rxb8 50. Bxb8 f6 51. e6 Bxb8 52. e7 Kf7 53. Kd7 1-0

[Event "8th Sharjah Masters 2025"]
[Site "Sharjah UAE"]
[Date "2025.05.19"]
[Round "3.41"]
[White "Malek, Jan"]
[Black "Injac, Teodora"]
[Result "1-0"]
[WhiteTitle "GM"]
[BlackTitle "IM"]
[WhiteElo "2511"]
[BlackElo "2474"]
[WhiteFideId "21864080"]
[BlackFideId "932400"]
[EventDate "2025.05.17"]

1. d4 Nf6 2. c4 e6 3. Nf3 d5 4. Nc3 Bb4 5. cxd5 exd5 6. Bf4 Ne4 7. Rc1 Nc6 8.
Nd2 g5 9. Be3 Nxc3 10. bxc3 Ba3 11. Rb1 f5 12. g3 O-O 13. Qb3 Be7 14. f4 Na5 15.
Qc2 b6 16. Bg2 c6 17. Qd3 Bd6 18. fxg5 f4 19. Bxf4 Bxf4 20. gxf4 Rxf4 21. Qe3
Qxg5 22. Rg1 Qh4+ 23. Kd1 Kf8 24. c4 Bf5 25. Qe5 Bxb1 26. Qd6+ Ke8 27. Bxd5 Bg6
28. Bxc6+ Nxc6 29. Qxc6+ Ke7 30. Qxa8 Rxd4 31. Qxa7+ Rd7 32. Qa3+ Rd6 33. Qg3
Qd4 34. Qg5+ Ke8 35. e4 Rf6 36. Rg2 Bxe4 37. Qg8+ Rf8 38. Qe6+ Kd8 39. Qxe4 Qa1+
40. Ke2 Re8 41. Rg8 Rxg8 42. Qd5+ Kc7 43. Qxg8 Qe5+ 44. Kd3 Qf5+ 45. Ne4 Qf3+
46. Kd4 Qd1+ 47. Ke5 Qh5+ 48. Ke6 Qh3+ 49. Ke7 Qh4+ 50. Nf6 Qxh2 51. Ne8+ Kb7
52. Nd6+ Ka7 53. Nb5+ Kb7 54. Qd5+ 1-0

[Event "8th Sharjah Masters 2025"]
[Site "Sharjah UAE"]
[Date "2025.05.20"]
[Round "4.1"]
[White "Zemlyanskii, Ivan"]
[Black "Giri, Anish"]
[Result "0-1"]
[WhiteTitle "GM"]
[BlackTitle "GM"]
[WhiteElo "2563"]
[BlackElo "2738"]
[WhiteFideId "24249971"]
[BlackFideId "24116068"]
[EventDate "2025.05.17"]

1. e4 e5 2. Nf3 Nc6 3. Bc4 Nf6 4. d3 Be7 5. O-O d6 6. a4 Be6 7. Nbd2 O-O 8. Re1
h6 9. b3 Nh7 10. h3 Ng5 11. Nf1 Nxf3+ 12. Qxf3 Bg5 13. Bb2 Qe7 14. Ng3 g6 15.
Bc3 a5 16. Bd5 Bd7 17. Ne2 Qf6 18. Qxf6 Bxf6 19. f4 Bg7 20. fxe5 Bxe5 21. d4 Bg7
22. Rad1 Nd8 23. e5 c6 24. Bc4 d5 25. Bd3 Ne6 26. Bb2 b5 27. axb5 cxb5 28. c4
dxc4 29. bxc4 b4 30. Be4 Rac8 31. c5 Bb5 32. Ng3 a4 33. Bc2 a3 34. Ba1 Bc4 35.
Rb1 Rb8 36. Bb3 Bxb3 37. Rxb3 Rfd8 38. Ne2 Bxe5 39. Reb1 a2 0-1

[Event "8th Sharjah Masters 2025"]
[Site "Sharjah UAE"]
[Date "2025.05.20"]
[Round "4.2"]
[White "Nikitenko, Mihail"]
[Black "Indjic, Aleksandar"]
[Result "0-1"]
[WhiteTitle "GM"]
[BlackTitle "GM"]
[WhiteElo "2516"]
[BlackElo "2637"]
[WhiteFideId "13506862"]
[BlackFideId "911925"]
[EventDate "2025.05.17"]

1. d4 Nf6 2. c4 e6 3. Nf3 c5 4. d5 d6 5. Nc3 exd5 6. cxd5 g6 7. h3 Bg7 8. e4 O-O
9. Bd3 b5 10. Nxb5 Re8 11. O-O Nxe4 12. Bxe4 Rxe4 13. Bg5 Qd7 14. Qd3 Rb4 15.
Rfe1 c4 16. Qd2 Rxb2 17. Qf4 Rxb5 18. Rad1 h5 19. Bf6 Bf8 20. Nh4 Bb7 21. Bc3
Bg7 22. Bxg7 Kxg7 23. Qg5 Nc6 24. f4 c3 25. f5 c2 26. fxg6 cxd1=Q 27. gxf7+ Kxf7
28. Rxd1 Ne7 29. Qxh5+ Kg8 30. Rf1 Nxd5 31. Qg6+ Qg7 32. Qe6+ Kh8 33. Ng6+ Kh7
34. Rf7 Bc8 35. Rxg7+ Kxg7 36. Qxd6 Rab8 37. Ne5 Bf5 38. Kh2 R8b6 39. Qd8 Be6
40. a4 Rc5 41. Qh4 Rc8 42. Qg5+ Kf8 43. Qh6+ Ke8 44. Qh8+ Ke7 45. Qh4+ Kd6 46.
Nc4+ Rxc4 47. Qxc4 a5 48. h4 Rb4 49. Qa6+ Ke5 50. Qxa5 Rxh4+ 51. Kg1 Rg4 52. Qb5
Bf5 53. a5 Be4 54. Qb8+ Kd4 55. g3 Rg6 56. Qb2+ Nc3 57. Qd2+ Kc4 58. Kh2 Rg7 59.
Qd8 Rh7+ 60. Kg1 Nd5 61. g4 Kd3 62. Qf8 Ne3 63. Qa3+ Ke2 64. Qb2+ Nc2 65. Qb5+
Ke3 66. Qg5+ Kf3 67. Qe5 Ne3 68. g5 Rd7 69. Qf6+ Bf5 70. Qc3 Rd1+ 71. Kh2 Rd3
72. Qc6+ Kf2 73. Qb6 Rd2 74. Qb7 Nf1+ 75. Kh1 Be4+ 0-1

[Event "8th Sharjah Masters 2025"]
[Site "Sharjah UAE"]
[Date "2025.05.20"]
[Round "4.3"]
[White "Theodorou, Nikolas"]
[Black "Dai, Changren"]
[Result "1/2-1/2"]
[WhiteTitle "GM"]
[BlackTitle "GM"]
[WhiteElo "2611"]
[BlackElo "2531"]
[WhiteFideId "4262875"]
[BlackFideId "8608156"]
[EventDate "2025.05.17"]

1. d4 Nf6 2. Nf3 d5 3. Bf4 c5 4. e3 e6 5. Be2 Bd6 6. dxc5 Bxc5 7. O-O O-O 8. c4
b6 9. Nc3 Bb7 10. cxd5 Nxd5 11. Nxd5 Bxd5 12. a3 Nd7 13. b4 Be7 14. Rc1 Rc8 15.
Qa4 a5 16. Rxc8 Qxc8 17. bxa5 bxa5 18. Qxa5 Qa8 19. Qc7 Bc6 20. Bg5 1/2-1/2

[Event "8th Sharjah Masters 2025"]
[Site "Sharjah UAE"]
[Date "2025.05.20"]
[Round "4.4"]
[White "Visakh, N R"]
[Black "Kozak, Adam"]
[Result "1/2-1/2"]
[WhiteTitle "GM"]
[BlackTitle "GM"]
[WhiteElo "2507"]
[BlackElo "2578"]
[WhiteFideId "25012223"]
[BlackFideId "753246"]
[EventDate "2025.05.17"]

1. d4 Nf6 2. c4 e6 3. Nf3 d5 4. Nc3 Nbd7 5. Bf4 dxc4 6. e3 Nb6 7. Bxc4 Bd6 8.
Bxd6 cxd6 9. Bb3 Bd7 10. O-O Bc6 11. Re1 Ne4 12. Nxe4 Bxe4 13. Bc2 Bxc2 14. Qxc2
O-O 1/2-1/2

[Event "8th Sharjah Masters 2025"]
[Site "Sharjah UAE"]
[Date "2025.05.20"]
[Round "4.5"]
[White "Salem, A.R. Saleh"]
[Black "Madaminov, Mukhiddin"]
[Result "1-0"]
[WhiteTitle "GM"]
[BlackTitle "GM"]
[WhiteElo "2631"]
[BlackElo "2520"]
[WhiteFideId "9301348"]
[BlackFideId "14210703"]
[EventDate "2025.05.17"]

1. c4 e5 2. Nc3 Nf6 3. Nf3 Nc6 4. g3 Bb4 5. Bg2 O-O 6. O-O e4 7. Nh4 Bxc3 8.
bxc3 Re8 9. f3 exf3 10. Nxf3 Qe7 11. d4 h6 12. e4 Nxe4 13. Re1 Qf8 14. d5 Na5
15. Nd4 Nf6 16. Rf1 d6 17. Bxh6 Ng4 18. Ne6 Rxe6 19. dxe6 Bxe6 20. Bf4 Nxc4 21.
Re1 d5 22. Bh3 Qc5+ 23. Qd4 Qc6 24. Bxg4 Bxg4 25. Re7 Rc8 26. Rf1 Bh5 27. Rf2 a6
28. g4 Bg6 29. Bh6 gxh6 30. Rf6 Nd2 31. Kg2 Be4+ 32. Rxe4 Qb5 33. Re7 Ne4 34.
Rg6+ Kf8 35. Rxf7+ 1-0

[Event "8th Sharjah Masters 2025"]
[Site "Sharjah UAE"]
[Date "2025.05.20"]
[Round "4.7"]
[White "Maghsoodloo, Parham"]
[Black "Ahmadzada, Ahmad"]
[Result "1-0"]
[WhiteTitle "GM"]
[BlackTitle "GM"]
[WhiteElo "2706"]
[BlackElo "2564"]
[WhiteFideId "12539929"]
[BlackFideId "13413007"]
[EventDate "2025.05.17"]

1. d4 Nf6 2. c4 e6 3. Nc3 Bb4 4. e3 O-O 5. Bd3 d5 6. cxd5 exd5 7. a3 Bd6 8. Qc2
b6 9. Nf3 c5 10. dxc5 bxc5 11. O-O Bb7 12. b4 cxb4 13. Nb5 Nc6 14. Bb2 bxa3 15.
Bxf6 Qxf6 16. Bxh7+ Kh8 17. Nxd6 Qxd6 18. Qb3 Kxh7 19. Qxb7 Na5 20. Qb1+ g6 21.
Rd1 Nc4 22. h4 Rab8 23. Qd3 Rfd8 24. Qc3 Rb6 25. e4 Qf6 26. Qc1 Rb5 27. Rd4 Rdb8
28. exd5 a2 29. Rxa2 Rb1 30. Rxc4 a6 31. Rd2 Qd6 32. g3 Kg7 33. Ng5 a5 34. Qxb1
Rxb1+ 35. Kg2 Qa6 36. Rdd4 Rb4 37. Rxb4 axb4 38. Rxb4 Qd3 39. Rf4 Qxd5+ 40. Kh2
f6 41. Ne4 f5 42. Ng5 Qd2 43. Nh3 Kf6 44. Ra4 Kg7 45. Ra7+ Kf6 46. Ra6+ Kg7 47.
Re6 Kf7 48. Re3 Kg7 49. Re5 Kf6 50. Rb5 Qd4 51. Kg1 Qa1+ 52. Kg2 Qa8+ 53. Kh2
Qa2 54. Rc5 Qb2 55. Rd5 Qc2 56. Rd6+ Kg7 57. Re6 Qd2 58. Ra6 Qc2 59. Ra1 Qb2 60.
Rf1 Kf6 61. Kg1 Qd4 62. Nf4 Qd2 63. Rb1 Qc2 64. Rb6+ Kf7 65. Rb7+ Kf6 66. Rc7
Qe4 67. Rd7 Qe1+ 68. Kg2 Qe4+ 69. Kh2 Qe1 70. Nd5+ 1-0